Graciella. Escrita en francés por M. A. de Lamartine. Versión española de M. de Cárdenas
Guardat en:
| Autor principal: | |
|---|---|
| Format: | Llibre |
| Idioma: | espanyol |
| Publicat: |
Valparaíso
Imprenta del Nuevo Mercurio, calle de la Victoria, 138 y 140
1883
|
| Edició: | 1a. ed |
| Col·lecció: | Biblioteca del Nuevo Mercurio
|
| Matèries: | |
| Etiquetes: |
Afegir etiqueta
Sense etiquetes, Sigues el primer a etiquetar aquest registre!
|
MARC
| LEADER | 00000nam a2200000 a 4500 | ||
|---|---|---|---|
| 001 | UCJ7579 | ||
| 003 | CL-VaPUC | ||
| 008 | 070124e18830000CL |||||||||||||||||spa|d | ||
| 082 | 0 | 4 | |a 843 |b LAM |2 21 |
| 100 | |a Lamartine, Alphonse de |e author |9 442344 | ||
| 245 | 1 | 0 | |a Graciella. Escrita en francés por M. A. de Lamartine. Versión española de M. de Cárdenas |
| 250 | |a 1a. ed | ||
| 300 | |a 162 p | ||
| 942 | |c BK | ||
| 945 | |d 20070124 00:00:00 |a rinostro | ||
| 260 | |a Valparaíso |b Imprenta del Nuevo Mercurio, calle de la Victoria, 138 y 140 |c 1883 | ||
| 650 | 7 | |a NOVELA FRANCESA |2 CL-VaPUC |9 516061 | |
| 650 | 0 | |a Valparaíso |x Imprenta |9 516062 | |
| 583 | |a last modification |c 20070124 00:00:00 |k Rodrigo Vera | ||
| 490 | 0 | |a Biblioteca del Nuevo Mercurio | |
| 999 | |c 323631 |d 323629 | ||
| 952 | |0 0 |1 0 |4 0 |6 843_000000000000000_LAM_1883 |7 0 |8 X |9 403394 |a FDOBUD |b FDOBUD |d 2019-11-22 |i 1066358 |o 843 LAM 1883 |p 1066358 |r 2019-11-22 |w 2019-11-22 |y BK_X |k BUD | ||